Melanie Martinez - Cry Baby - Statistics

General Stats
  • This quiz has been taken 1,022 times
  • The average score is 13 of 16
Answer Stats
Hint Answer % Correct
1 Cry Baby
99%
2 Dollhouse
89%
10 Milk And Cookies
84%
3 Sippy Cup
84%
6 Soap
84%
9 Tag, you're it
83%
13 Mad Hatter
82%
7 Training Wheels
82%
8 Pity Party
81%
5 Alphabet Boy
79%
4 Carousel
79%
11 Pacify Her
79%
16 Cake
77%
12 Mrs. Potato Head
76%
15 Teddy Bear
70%
14 Play Date
69%
No matching quizzes found
Score Distribution
Percent of People with Each Score
Percentile by Number Answered
Your Score History
You have not taken this quiz